| 000 | 00583nam a22001697a 4500 | ||
|---|---|---|---|
| 005 | 20251108165210.0 | ||
| 008 | 250721s1940 xx 000 0 ara d | ||
| 082 | 1 | 4 | _a956/متز |
| 100 | 1 | _aمتز، آدم | |
| 245 | 1 | 0 | _aالحضارة الإسلامية في القرن الرابع الهجري / |
| 264 | 1 |
_aالقاهرة : _bمطبعة لجنة التأليف و الترجمة و النشر، _c1940. |
|
| 300 | _a2ج في 1مج | ||
| 650 | 1 | 7 | _aالحضارة الإسلامية |
| 700 | 1 |
_aعبد الهادي، محمد _etran. |
|
| 942 |
_2ddc _cREF |
||
| 999 |
_c21913 _d21913 |
||